Monnaies officielles des pays de l'UE - Statistiques

Statistiques générales
  • Ce quiz a été pris 1 213 fois
    95 depuis la dernière actualisation
  • Le résultat moyen est 2 sur 7
Answers on the Grid
Answers color-coded by a green-red scale on the quiz's grid according to % correct below.
Euro
Couronne danoise
Lire italienne
Forint hongrois
Zloty
Couronne tchèque
Couronne suédoise
Leu Roumain
Livre Sterling
Schilling
Drachme
Livre Irlandaise
Florin
Lire Maltaise
Couronne slovaque
Mark finlandais
Peseta
Schilling
Livre chypriote
Escudo
 
Statistiques - réponses
Réponse % Correct
Euro
69%
Couronne danoise
38%
Zloty
33%
Couronne suédoise
31%
Couronne tchèque
25%
Forint hongrois
15%
Leu Roumain
11%
Aucun quiz correspondant
Distribution des résultats
% des personnes avec chaque résultat
Percentile par nombre de réponses
Votre historique - résultats
Vous n’avez pas pris ce quiz depuis la dernière actualisation